000 01072nam a2200313Ia 4500
003 OSt
005 20221006160104.0
006 a|||||r|||| 00| 0
007 ta
008 221006b |||||||| |||| 00| 0 eng d
020 _a9788996071549
_c
_98.00
024 _a44,257
037 _bGift, KCC (Window on Korea)
_cTextual
040 _aEASL
_cEASL
_beng
041 _2eng
_aeng
082 _aX:275.495, P9
100 _aO Won-chol
_9671851
245 0 _aKorea story
_b President Park Jung-hee's leadership and the Korean industrial revolution
260 _aSeoul
_bWisdomtree
_c2009
300 _a807p.
_ccm.
490 _v KEL
650 _a Korea - Economic policy
_9647518
650 _a Korea - Great Plan of President Park
_9671852
650 _a Korea - Modernization of the fatherland
_9671853
650 _a Korea - National land structure - Reorganization of
_9671854
650 _aKorea - Industrial revolution
_9671855
942 _hX:275.495, P9
_cTEXL
_2CC
999 _c1112349
_d1112349